From slavery to freedom; (Record no. 31308)

000 -LEADER
fixed length control field 00819cam a2200265 4500
001 - CONTROL NUMBER
control field 3614253
005 - DATE AND TIME OF LATEST TRANSACTION
control field 20220302090921.0
008 - FIXED-LENGTH DATA ELEMENTS--GENERAL INFORMATION
fixed length control field 730830s1974 nyu b 001 0 eng
010 ## - LIBRARY OF CONGRESS CONTROL NUMBER
LC control number 73015590
020 ## - INTERNATIONAL STANDARD BOOK NUMBER
International Standard Book Number 0394487869
020 ## - INTERNATIONAL STANDARD BOOK NUMBER
International Standard Book Number 0394318005 (text ed.)
040 ## - CATALOGING SOURCE
Original cataloging agency DLC
043 ## - GEOGRAPHIC AREA CODE
Geographic area code n-us---
050 00 - LIBRARY OF CONGRESS CALL NUMBER
Classification number SPE E185.F825 1974
100 1# - MAIN ENTRY--PERSONAL NAME
Personal name Franklin, John Hope,
Dates associated with a name 1915-2009.
245 10 - TITLE STATEMENT
Title From slavery to freedom;
Remainder of title a history of Negro Americans.
250 ## - EDITION STATEMENT
Edition statement 4th ed.
260 ## - PUBLICATION, DISTRIBUTION, ETC. (IMPRINT)
Place of publication, distribution, etc. New York,
Name of publisher, distributor, etc. Knopf
Date of publication, distribution, etc. [1974]
300 ## - PHYSICAL DESCRIPTION
Extent xxv, 548, xlii p.
Dimensions 25 cm.
504 ## - BIBLIOGRAPHY, ETC. NOTE
Bibliography, etc Bibliography: p. 513-548.
650 #0 - SUBJECT ADDED ENTRY--TOPICAL TERM
Topical term or geographic name as entry element African Americans
General subdivision History.
650 #0 - SUBJECT ADDED ENTRY--TOPICAL TERM
Topical term or geographic name as entry element Slavery
Geographic subdivision United States
General subdivision History.
906 ## - LOCAL DATA ELEMENT F, LDF (RLIN)
a 7
b cbc
c orignew
d 1
e ocip
f 19
g y-gencatlg
942 ## - ADDED ENTRY ELEMENTS (KOHA)
Source of classification or shelving scheme
Koha item type Hard Covered Materials
Classification part SPE E185.F825 1974
Holdings
Withdrawn status Lost status Source of classification or shelving scheme Damaged status Not for loan Home library Current library Shelving location Date acquired Source of acquisition Cost, normal purchase price Total Checkouts Full call number Barcode Date last seen Date last checked out Price effective from Koha item type
          MACHAKOS UNIVERSITY LIBRARY MACHAKOS UNIVERSITY LIBRARY Open shelf 02/03/2022 Donation(Damaris Kimanzi) 7344.00 1 SPE E185.F825 1974 23904 10/06/2022 27/05/2022 02/03/2022 Hard Covered Materials
© Machakos University Library, Along The Highway, Machakos Wote Rd, Machakos, Kenya P.O. Box 136 - 90100 Machakos - Kenya

Tel: ( +254 ) 723 805829 OR Fax : 044-20353 OR Email: library@mksu.ac.ke